Normal view
MARC view
- الناعوري، عيسى؛ الإعداد للنشر أحمد الطراونة، الإعداد للنشر سليم النجار، الإعداد للنشر حيبن نشوان
Entry Personal Name
001 - CONTROL NUMBER
- control field: 49978
003 - CONTROL NUMBER IDENTIFIER
- control field: JO-AjAnu
005 - DATE AND TIME OF LATEST TRANSACTION
- control field: 20230606082230.0
008 - FIXED-LENGTH DATA ELEMENTS
- fixed length control field: 230606|| aca||aabn | a|a d
040 ## - CATALOGING SOURCE
- Original cataloging agency: JO-AjAnu
- Transcribing agency: JO-AjAnu
100 ## - HEADING--PERSONAL NAME
- Personal name: الناعوري، عيسى؛ الإعداد للنشر أحمد الطراونة، الإعداد للنشر سليم النجار، الإعداد للنشر حيبن نشوان
670 ## - SOURCE DATA FOUND
- Source citation: Work cat.: (JO-AjAnu)25554: الناعوري، عيسى؛ الإعداد للنشر أحمد الطراونة، الإعداد للنشر سليم النجار، الإعداد للنشر حيبن نشوان, author, من قضايا اللغة والأدب والنقد: فصول وبحوث في اللغة والأدب وفي النقد الأدبي كتبت في أوقات متباعدة ونشرت في مجلات وصحف محلية وعربية متعددة 1984